| 000 | 00375nam a22001577a 4500 | ||
|---|---|---|---|
| 003 | OSt | ||
| 008 | 240323b |||||||| |||| 00| 0 eng d | ||
| 020 | _a9788178223162 | ||
| 100 | _aLEADBEATER, CHARLES.W | ||
| 245 | _aTHE INNER LIFE | ||
| 250 | _a1st | ||
| 260 |
_aNew Delhi _bNew Age _c2008 |
||
| 300 | _axxvi,383 | ||
| 650 | _aGeneral/Decentralization | ||
| 942 |
_2ddc _cREF |
||
| 999 |
_c12278 _d12278 |
||